[Event "Bochumer SV 3 - SK Werne 1"]
[Site "Verbandsklasse - Gruppe 3 202"]
[Date "2022.05.29"]
[Round "5.7"]
[White "Nadrowski, Joseph"]
[Black "Czarnetzki, Iori"]
[Result "0-1"]
[WhiteElo "1533"]
[BlackElo "1662"]
[PlyCount "76"]
[EventDate "2022.??.??"]
[WhiteTeam "SK Werne 1"]
[BlackTeam "Bochumer SV 3"]

1. Nc3 Nf6 2. Nf3 d5 3. g3 Bf5 4. Bg2 e6 5. a3 c5 6. O-O Nc6 7. d3 Bd6 8. Bg5
h6 9. Bxf6 Qxf6 10. e4 Bg4 11. h3 Bxf3 12. Qxf3 Qxf3 13. Bxf3 d4 14. Nb1 O-O
15. Nd2 e5 16. Bg2 g5 17. Rac1 b5 18. c3 Rfc8 19. Bf3 a5 20. Bg4 Rc7 21. cxd4
Nxd4 22. b4 cxb4 23. Rxc7 Bxc7 24. Rc1 Bd6 25. axb4 a4 26. Rb1 a3 27. Bd1 Bxb4
28. Nb3 a2 29. Ra1 Bc3 30. Kf1 Nxb3 31. Rxa2 Rxa2 32. Bxb3 Rb2 33. Bd5 b4 34.
h4 gxh4 35. gxh4 Bd4 36. Kg2 Rxf2+ 37. Kg3 Rd2 38. Bc4 b3 0-1

[Event "Bochumer SV 3 - SK Werne 1"]
[Site "Verbandsklasse - Gruppe 3 202"]
[Date "2022.05.29"]
[Round "5.8"]
[White "Fresen, Hans-Juergen"]
[Black "Zimmermann, Egon"]
[Result "1/2-1/2"]
[WhiteElo "1847"]
[BlackElo "1491"]
[PlyCount "162"]
[EventDate "2022.??.??"]
[WhiteTeam "Bochumer SV 3"]
[BlackTeam "SK Werne 1"]

1. e4 c6 2. d4 d5 3. exd5 cxd5 4. c4 Nf6 5. Nc3 g6 6. Nf3 Bg7 7. cxd5 Nxd5 8.
Bb5+ Bd7 9. Qa4 Nb6 10. Qd1 O-O 11. O-O Nc6 12. Be3 e6 13. Bg5 Bf6 14. Bxf6
Qxf6 15. Rc1 a6 16. Be2 Rac8 17. Qb3 Qd8 18. Ne4 Nd5 19. Qxb7 Rb8 20. Qxa6 Rxb2
21. Bc4 Rb6 22. Qa3 Ncb4 23. Ne5 Bb5 24. Bxb5 Rxb5 25. Nc6 Nxc6 26. Rxc6 Ra5
27. Qb3 Qa8 28. Rc2 Rb8 29. Qc4 Nb4 30. Rb2 Qxe4 31. Rxb4 Rxb4 32. Qxb4 Rxa2
33. Qb8+ Kg7 34. Qe5+ Qxe5 35. dxe5 Re2 36. f4 Kf8 37. Ra1 Kg7 38. h3 Kf8 39.
Kh2 Kg7 40. Kg3 Kh6 41. Kf3 Rb2 42. Ra7 Kg7 43. Ra3 Rc2 44. g3 Rc4 45. Ke3 Rb4
46. Rd3 Ra4 47. g4 Rb4 48. Kf3 Ra4 49. Kg3 Rb4 50. Rd7 Rb3+ 51. Kh4 Rc3 52. f5
exf5 53. gxf5 Rc4+ 54. Kg3 gxf5 55. e6 Re4 56. exf7 Kf8 57. Rd5 Kxf7 58. Rxf5+
Kg6 59. Rf3 h6 60. Ra3 Rb4 61. h4 Rc4 62. Ra6+ Kh5 63. Ra5+ Kg6 64. h5+ Kg7 65.
Ra6 Rb4 66. Rg6+ Kh7 67. Ra6 Kg7 68. Kh3 Rd4 69. Rg6+ Kh7 70. Rg3 Rc4 71. Rb3
Ra4 72. Rb7+ Kg8 73. Kg3 Rc4 74. Rb6 Kg7 75. Rg6+ Kh7 76. Kh3 Rd4 77. Rg4 Rxg4
78. Kxg4 Kg7 79. Kf5 Kf7 80. Ke5 Ke7 81. Kf5 Kf7 1/2-1/2

[Event "SV Sterkrade-Nord 2 - SV Eichlinghofen "]
[Site "Verbandsklasse - Gruppe 3 202"]
[Date "2022.05.29"]
[Round "5.1"]
[White "Watzlawek, Markus"]
[Black "Labuda, Markus"]
[Result "0-1"]
[WhiteElo "2048"]
[BlackElo "1946"]
[Annotator "daniel"]
[PlyCount "104"]
[EventDate "2022.??.??"]
[WhiteTeam "SV Eichlinghofen 1"]
[BlackTeam "SV Sterkrade-Nord 2"]

1. d4 d5 2. Nf3 Nf6 3. c4 c6 4. Nc3 Qb6 5. Qa4 e6 6. g3 Qb4 7. Qxb4 Bxb4 8. Bd2
Nbd7 9. b3 O-O 10. Bg2 b6 11. cxd5 cxd5 12. Nb5 a5 13. a3 Bxd2+ 14. Nxd2 Ba6
15. Nc7 Ra7 16. Nxa6 Rxa6 17. Rc1 Raa8 18. Nb1 Rfc8 $11 19. Kd2 Kf8 20. e3 Ke7
21. Nc3 Ne8 22. Rc2 Nd6 23. Rhc1 Kd8 24. Bf1 f5 25. f3 g5 26. Bd3 h6 27. h3 Ra7
28. h4 Nf6 29. hxg5 hxg5 30. Rh1 Ke7 31. Na4 Rxc2+ 32. Bxc2 Rb7 33. Bd3 Rb8 34.
Ke2 g4 35. Rc1 b5 36. Nc5 Rh8 37. Rf1 Rh3 38. Kf2 Rh2+ 39. Kg1 Ra2 40. a4 bxa4
41. bxa4 gxf3 42. Rxf3 Ng4 43. Rf1 Nxe3 44. Re1 Rg2+ 45. Kh1 Rxg3 46. Re2 Ne4
47. Bxe4 fxe4 48. Kh2 Rf3 49. Rb2 Nf5 50. Rb7+ Kf6 51. Nd7+ Kg5 52. Ne5 Ra3 0-1

[Event "SV Sterkrade-Nord 2 - SV Eichlinghofen "]
[Site "Verbandsklasse - Gruppe 3 202"]
[Date "2022.05.29"]
[Round "5.4"]
[White "Wachsmuth, Guenter"]
[Black "Brockmann, Michael"]
[Result "0-1"]
[WhiteElo "1670"]
[BlackElo "2050"]
[PlyCount "52"]
[EventDate "2022.??.??"]
[WhiteTeam "SV Sterkrade-Nord 2"]
[BlackTeam "SV Eichlinghofen 1"]

1. e4 c5 2. Nf3 Nc6 3. c3 d5 4. exd5 Qxd5 5. Na3 Bg4 6. Be2 e5 7. Nb5 O-O-O 8.
c4 Qd7 9. O-O e4 10. Ne1 Bf5 11. Nc2 Kb8 12. Ne3 Be6 13. f4 f5 14. g4 fxg4 15.
Bxg4 Nf6 16. Bxe6 Qxe6 17. Nc3 Nd4 18. Ncd5 Nf3+ 19. Kh1 Nh5 20. Rxf3 exf3 21.
Qxf3 Qf7 22. b3 Bd6 23. f5 Be5 24. Rb1 Rhf8 25. Ba3 Bd4 26. Qf4+ Nxf4 0-1

[Event "SV Sterkrade-Nord 2 - SV Eichlinghofen "]
[Site "Verbandsklasse - Gruppe 3 202"]
[Date "2022.05.29"]
[Round "5.5"]
[White "Dreier, Daniel"]
[Black "Bross, Horst"]
[Result "1-0"]
[WhiteElo "1845"]
[BlackElo "1800"]
[PlyCount "75"]
[EventDate "2022.??.??"]
[WhiteTeam "SV Eichlinghofen 1"]
[BlackTeam "SV Sterkrade-Nord 2"]

1. e4 d6 2. f4 Nf6 3. Nc3 c6 4. Nf3 Bg4 5. h3 Bxf3 6. Qxf3 e5 7. Bc4 Nbd7 8.
O-O Be7 9. d3 b5 10. Bb3 Nc5 11. fxe5 dxe5 12. Qg3 Nxb3 13. axb3 Qd6 14. Qxg7
Rg8 15. Qh6 Rg6 16. Qe3 Qb4 17. Qf3 O-O-O 18. Be3 Rdg8 19. Qf5+ Kb8 20. Rf2 Bc5
21. Qxe5+ Bd6 22. Bxa7+ Kb7 23. Qd4 Nd7 24. Qxb4 Bxb4 25. Bd4 c5 26. Nd5 cxd4
27. Nxb4 R8g7 28. Nd5 Ne5 29. Ra5 Rg3 30. Rxb5+ Ka6 31. Nc7+ Ka7 32. Rxe5 Rxh3
33. Nb5+ Kb6 34. Rf6+ Kb7 35. Re7+ Kb8 36. Rb6+ Kc8 37. Nd6+ Kd8 38. Rbb7 1-0

[Event "SV Sterkrade-Nord 2 - SV Eichlinghofen "]
[Site "Verbandsklasse - Gruppe 3 202"]
[Date "2022.05.29"]
[Round "5.6"]
[White "Nowak, Steven"]
[Black "Richter, Jan"]
[Result "0-1"]
[WhiteElo "1906"]
[BlackElo "1852"]
[PlyCount "74"]
[EventDate "2022.??.??"]
[WhiteTeam "SV Sterkrade-Nord 2"]
[BlackTeam "SV Eichlinghofen 1"]

1. Nf3 g6 2. g3 Bg7 3. Bg2 e5 4. d3 Nc6 5. O-O d5 6. Nbd2 Nf6 7. e4 Be6 8. b4
dxe4 9. dxe4 Nxb4 10. Ba3 Nc6 11. Qe2 Nd7 12. h4 f6 13. h5 Kf7 14. Nh4 Bf8 15.
Bb2 Bc5 16. Kh1 Bd4 17. c3 Bc5 18. f4 Kg7 19. f5 Bf7 20. h6+ Kxh6 21. fxg6 hxg6
22. Bh3 Nf8 23. Rad1 Be7 24. Nc4 Qe8 25. Kg2 Be6 26. Rh1 Kg7 27. Ne3 Bxh3+ 28.
Rxh3 Ne6 29. Qg4 Ng5 30. Rhh1 Rd8 31. Nd5 Qf7 32. Rhf1 Qe6 33. Nf5+ gxf5 34.
Rxf5 Qf7 35. Nxf6 Bxf6 36. Rdf1 Rd2+ 37. Kg1 Qh5 0-1

[Event "SV Sterkrade-Nord 2 - SV Eichlinghofen "]
[Site "Verbandsklasse - Gruppe 3 202"]
[Date "2022.05.29"]
[Round "5.7"]
[White "Dekhtyaryuk, Dimitri"]
[Black "Bonatis, Reiner"]
[Result "1-0"]
[WhiteElo "1813"]
[BlackElo "1640"]
[PlyCount "51"]
[EventDate "2022.??.??"]
[WhiteTeam "SV Eichlinghofen 1"]
[BlackTeam "SV Sterkrade-Nord 2"]

1. e4 e5 2. Nc3 Nf6 3. Bc4 c6 4. d4 exd4 5. Qxd4 d6 6. Bg5 Be7 7. O-O-O Nbd7 8.
f4 Qc7 9. Kb1 O-O 10. Nf3 b5 11. Bb3 a6 12. e5 dxe5 13. fxe5 Bc5 14. Qf4 Nh5
15. Qh4 g6 16. e6 fxe6 17. Bxe6+ Kh8 18. Ne4 Bb6 19. Nd6 Ndf6 20. Nxc8 Raxc8
21. Bxc8 Qxc8 22. h3 Nd5 23. Bh6 Ng7 24. Rxd5 cxd5 25. Qe7 Rg8 26. Ne5 1-0

[Event "SV Sterkrade-Nord 2 - SV Eichlinghofen "]
[Site "Verbandsklasse - Gruppe 3 202"]
[Date "2022.05.29"]
[Round "5.8"]
[White "Broens, Ulrich"]
[Black "Grewe, Markus"]
[Result "0-1"]
[WhiteElo "1450"]
[BlackElo "1804"]
[PlyCount "58"]
[EventDate "2022.??.??"]
[WhiteTeam "SV Sterkrade-Nord 2"]
[BlackTeam "SV Eichlinghofen 1"]

1. e4 c5 2. Nf3 Nc6 3. d4 cxd4 4. Nxd4 g6 5. Bc4 Bg7 6. Nxc6 bxc6 7. c3 Nf6 8.
Nd2 O-O 9. O-O d5 10. exd5 cxd5 11. Bb3 Qc7 12. Re1 e5 13. Nf1 Bb7 14. Ng3 h5
15. h3 d4 16. cxd4 exd4 17. Qxd4 Qc6 18. f3 Ng4 19. Qc4 Qb6+ 20. Kh1 Ba6 21.
Qf4 Nf2+ 22. Kh2 Nd3 23. Be3 Nxf4 24. Bxb6 axb6 25. Re4 Nd3 26. Re7 Be5 27. Bd5
Rad8 28. Be4 h4 29. Rxe5 hxg3+ 0-1

[Event "SC Gerthe - Werne 1 - Bochumer SV 2"]
[Site "Verbandsliga - Gruppe 1 2021/"]
[Date "2022.03.06"]
[Round "6.1"]
[White "Wolter, Detlev"]
[Black "Quast, Marcel"]
[Result "1/2-1/2"]
[WhiteElo "2174"]
[BlackElo "2248"]
[PlyCount "65"]
[EventDate "2022.??.??"]
[WhiteTeam "Bochumer SV 2"]
[BlackTeam "SC Gerthe - Werne 1"]

1. d4 Nf6 2. Bg5 e6 3. Nd2 d5 4. e3 b6 5. c3 h6 6. Bh4 Be7 7. Ngf3 O-O 8. Ne5
Nfd7 9. Bxe7 Qxe7 10. Ndf3 c5 11. Qa4 Nxe5 12. Nxe5 Nd7 13. O-O-O Nxe5 14. dxe5
f6 15. exf6 Qxf6 16. Qc6 Rb8 17. f4 Bb7 18. Qc7 Rfc8 19. Qe5 Qxe5 20. fxe5 Rf8
21. Bd3 Rf2 22. Rd2 Rbf8 23. Rhd1 g5 24. Rxf2 Rxf2 25. Rd2 Rf8 26. Kd1 Bc6 27.
Ke1 Kg7 28. Rf2 Rxf2 29. Kxf2 Be8 30. g4 Kf8 31. b4 cxb4 32. cxb4 Ke7 33. b5
1/2-1/2

[Event "SC Gerthe - Werne 1 - Bochumer SV 2"]
[Site "Verbandsliga - Gruppe 1 2021/"]
[Date "2022.03.06"]
[Round "6.2"]
[White "Brueggestraß, Volker"]
[Black "Schaefers, Andreas"]
[Result "1/2-1/2"]
[WhiteElo "1997"]
[BlackElo "1975"]
[PlyCount "40"]
[EventDate "2022.??.??"]
[WhiteTeam "SC Gerthe - Werne 1"]
[BlackTeam "Bochumer SV 2"]

1. e4 c5 2. c3 d5 3. exd5 Qxd5 4. d4 Nf6 5. Nf3 e6 6. Be3 cxd4 7. cxd4 Bb4+ 8.
Nc3 Qa5 9. Qb3 O-O 10. Be2 b6 11. O-O Ba6 12. Bxa6 Nxa6 13. Ne5 Bxc3 14. bxc3
Qd5 15. c4 Qd6 16. Qa4 Nb8 17. Rfd1 Nfd7 18. Nd3 Rc8 19. Rac1 Nf6 20. Qb3 Nc6
1/2-1/2

[Event "SC Gerthe - Werne 1 - Bochumer SV 2"]
[Site "Verbandsliga - Gruppe 1 2021/"]
[Date "2022.03.06"]
[Round "6.3"]
[White "Hinkmann, Jens"]
[Black "Gottmann, Bernd"]
[Result "1/2-1/2"]
[WhiteElo "1993"]
[BlackElo "1965"]
[PlyCount "43"]
[EventDate "2022.??.??"]
[WhiteTeam "Bochumer SV 2"]
[BlackTeam "SC Gerthe - Werne 1"]

1. e4 g6 2. d4 Bg7 3. Nc3 c5 4. dxc5 Bxc3+ 5. bxc3 Qa5 6. Qd4 Nf6 7. Qb4 Nc6 8.
Qxa5 Nxa5 9. Bd3 b6 10. cxb6 axb6 11. Rb1 d5 12. exd5 Nxd5 13. c4 Nc3 14. Rxb6
O-O 15. Bd2 Na4 16. Rb5 Nc6 17. Ne2 Ba6 18. Rb1 Ne5 19. Rb4 Nc5 20. Nc1 Rfd8
21. O-O Bxc4 22. Be3 1/2-1/2

[Event "SC Gerthe - Werne 1 - Bochumer SV 2"]
[Site "Verbandsliga - Gruppe 1 2021/"]
[Date "2022.03.06"]
[Round "6.4"]
[White "Kalle, Yannis"]
[Black "Goralski, Christian"]
[Result "0-1"]
[WhiteElo "1807"]
[BlackElo "1920"]
[PlyCount "78"]
[EventDate "2022.??.??"]
[WhiteTeam "SC Gerthe - Werne 1"]
[BlackTeam "Bochumer SV 2"]

1. e4 d5 2. exd5 Nf6 3. d4 Bg4 4. Be2 Bxe2 5. Qxe2 Qxd5 6. Nf3 e6 7. c4 Qh5 8.
d5 Bb4+ 9. Bd2 Bxd2+ 10. Nbxd2 O-O 11. dxe6 Re8 12. O-O Rxe6 13. Qd3 Nc6 14.
Rfe1 Rd8 15. Qb3 Rxe1+ 16. Rxe1 b6 17. Qa4 Qc5 18. h3 h6 19. Ne4 Nxe4 20. Rxe4
a5 21. Qc2 Qd6 22. Qc3 Qd3 23. Re8+ Kh7 24. Qxd3+ Rxd3 25. Rc8 Rd7 26. Kh2 Kg6
27. Kg3 Kf6 28. Kf4 Ke6 29. Rg8 g6 30. Rh8 Kd6 31. Rxh6 Kc5 32. b3 Kb4 33. Ke3
Ka3 34. Rh4 Kxa2 35. Nd2 Kb2 36. c5 b5 37. Rf4 Kc2 38. Rf6 Nb4 39. Ne4 Nd5+ 0-1

[Event "SC Gerthe - Werne 1 - Bochumer SV 2"]
[Site "Verbandsliga - Gruppe 1 2021/"]
[Date "2022.03.06"]
[Round "6.5"]
[White "Peters, Olaf"]
[Black "Loeffelbein, Klaus"]
[Result "1/2-1/2"]
[WhiteElo "1914"]
[BlackElo "1796"]
[PlyCount "32"]
[EventDate "2022.??.??"]
[WhiteTeam "Bochumer SV 2"]
[BlackTeam "SC Gerthe - Werne 1"]

1. c4 Nf6 2. Nc3 c5 3. g3 d5 4. cxd5 Nxd5 5. Qb3 Nb6 6. Bg2 Nc6 7. Nf3 e5 8. d3
Be6 9. Qd1 Be7 10. O-O O-O 11. Be3 f6 12. Nd2 Nd5 13. Nxd5 Bxd5 14. Bxd5+ Qxd5
15. Qb3 Qxb3 16. Nxb3 Nd4 1/2-1/2

[Event "SC Gerthe - Werne 1 - Bochumer SV 2"]
[Site "Verbandsliga - Gruppe 1 2021/"]
[Date "2022.03.06"]
[Round "6.6"]
[White "Boost, Juergen"]
[Black "Bautz, Volker"]
[Result "1/2-1/2"]
[WhiteElo "1805"]
[BlackElo "1791"]
[PlyCount "53"]
[EventDate "2022.??.??"]
[WhiteTeam "SC Gerthe - Werne 1"]
[BlackTeam "Bochumer SV 2"]

1. e4 c5 2. Nf3 d6 3. d4 cxd4 4. Nxd4 Nf6 5. Nc3 g6 6. Be2 Bg7 7. Be3 O-O 8. f3
Nc6 9. Qd2 Bd7 10. O-O a6 11. Rfd1 Rc8 12. Rac1 Ne5 13. b3 Qc7 14. Nd5 Nxd5 15.
exd5 b5 16. c4 bxc4 17. bxc4 Ba4 18. Re1 Nd7 19. Nb3 Nc5 20. Nxc5 dxc5 21. Rb1
Rfe8 22. Bf4 Qd7 23. Bd1 Bf6 24. Be5 Bxe5 25. Rxe5 Qd6 26. Qe1 Bxd1 27. Rxd1
1/2-1/2

[Event "SC Gerthe - Werne 1 - Bochumer SV 2"]
[Site "Verbandsliga - Gruppe 1 2021/"]
[Date "2022.03.06"]
[Round "6.7"]
[White "Hart, Klaus"]
[Black "Meise, Ulrich"]
[Result "0-1"]
[WhiteElo "1722"]
[BlackElo "1771"]
[PlyCount "100"]
[EventDate "2022.??.??"]
[WhiteTeam "Bochumer SV 2"]
[BlackTeam "SC Gerthe - Werne 1"]

1. Nf3 d5 2. e3 c5 3. d4 e6 4. c4 Nc6 5. cxd5 exd5 6. b3 Nf6 7. Bb2 Bg4 8. Be2
cxd4 9. Nxd4 Bxe2 10. Nxe2 Bb4+ 11. Nbc3 O-O 12. O-O Re8 13. Rc1 Rc8 14. a3 Ba5
15. Nb5 a6 16. Nbd4 Bc7 17. Nf3 Ne5 18. Nxe5 Bxe5 19. Bxe5 Rxe5 20. Rxc8 Qxc8
21. Qc1 Qd7 22. Rd1 h6 23. Rd2 Ne4 24. Rc2 Qf5 25. Nd4 Qg6 26. Nf3 Re6 27. Nd4
Rf6 28. f3 Ng5 29. Rc8+ Kh7 30. Qc2 Ne6 31. Nxe6 fxe6 32. Qxg6+ Kxg6 33. Rc7
Rf7 34. Rc8 Rd7 35. Kf2 Kf5 36. Ke2 Ke5 37. Kd3 Kd6 38. e4 Ke5 39. Rc5 b6 40.
Rc6 dxe4+ 41. Ke2 exf3+ 42. gxf3 Rd6 43. f4+ Kd5 44. Rc7 g6 45. Rh7 h5 46. Ke3
e5 47. Rf7 Rc6 48. Rd7+ Ke6 49. Rd3 Rc2 50. fxe5 Kxe5 0-1

[Event "SC Gerthe - Werne 1 - Bochumer SV 2"]
[Site "Verbandsliga - Gruppe 1 2021/"]
[Date "2022.03.06"]
[Round "6.8"]
[White "Al Zoubi, Ahmad"]
[Black "Hart, Theo"]
[Result "0-1"]
[WhiteElo "1713"]
[BlackElo "1798"]
[PlyCount "56"]
[EventDate "2022.??.??"]
[WhiteTeam "SC Gerthe - Werne 1"]
[BlackTeam "Bochumer SV 2"]

1. e4 e6 2. d3 d5 3. Bf4 Nf6 4. e5 Nfd7 5. Nd2 c5 6. c4 Nc6 7. Ngf3 Be7 8. h4
Qb6 9. Rb1 Qa5 10. a3 dxc4 11. dxc4 f6 12. Bd3 O-O 13. Bxh7+ Kxh7 14. Ng5+ fxg5
15. hxg5+ Kg8 16. Qh5 Ncxe5 17. g6 Nxg6 18. Qxg6 Rxf4 19. Qxe6+ Rf7 20. Rh8+
Kxh8 21. Qxf7 Qd8 22. Ke2 Bg5 23. Rh1+ Bh6 24. Nf3 Qf6 25. Qe8+ Nf8 26. Qe5
Qxe5+ 27. Nxe5 Kh7 28. Kd3 Bf5+ 0-1

[Event "Dortmunder SV 1 - Sport Union Annen 1"]
[Site "Verbandsliga - Gruppe 1 2021/"]
[Date "2022.03.06"]
[Round "6"]
[White "Wicht, Jürgen"]
[Black "Zeldin, Leonid"]
[Result "0-1"]
[WhiteElo "2018"]
[BlackElo "2058"]
[PlyCount "48"]
[EventDate "2022.??.??"]

1. d4 g6 2. c4 Bg7 3. Nc3 c5 4. d5 e5 5. e4 d6 6. Be2 Ne7 7. Be3 f5 {(=)} 8. f3
O-O 9. h4 Nd7 10. h5 gxh5 11. Rxh5 Qe8 12. Rh2 Qg6 13. Bf2 Nf6 14. Nb5 fxe4 15.
Nxd6 Nf5 16. Nxc8 e3 17. Bh4 Raxc8 18. g4 Nxh4 19. Rxh4 Qg5 20. Rh3 e4 21. fxe4
Qf4 22. Bf3 Nxe4 23. Qd3 Ng5 24. Ne2 Qe5 0-1

[Event "Dortmunder SV 1 - Sport Union Annen 1"]
[Site "Verbandsliga - Gruppe 1 2021/"]
[Date "2022.03.06"]
[Round "6"]
[White "Brockmann, Fabian"]
[Black "Mainka, Gregor"]
[Result "1/2-1/2"]
[WhiteElo "1932"]
[BlackElo "2121"]
[PlyCount "110"]
[EventDate "2022.??.??"]

1. e4 e6 2. b3 d5 3. Bb2 a5 4. Nc3 d4 5. Nce2 Nc6 6. Ng3 e5 7. Bc4 Be7 8. N1e2
h5 9. Nxh5 Rxh5 10. Nxd4 g6 11. Nxc6 bxc6 12. Qe2 Nf6 13. O-O-O c5 14. h3 Bd6
15. f4 Qe7 16. g4 Rh7 17. f5 Bb7 18. d3 gxf5 19. gxf5 Kd7 20. Bc3 Kc6 21. Bd2
Nd7 22. Bd5+ Kb6 23. Bxb7 Kxb7 24. a4 Kb6 25. d4 exd4 26. Qb5+ Ka7 27. Qxa5+
Kb7 28. Qb5+ Kc8 29. Rhg1 Rh8 30. Rg4 Ne5 31. Rg7 Qd7 32. Qf1 Kb7 33. Qg2 c4
34. Kb1 Qc6 35. Bf4 Qb6 36. Qf2 Nd3 37. cxd3 Qxb3+ 38. Qb2 Qxb2+ 39. Kxb2 c3+
40. Kb3 Bxf4 41. Rxf7 Rxh3 42. Rd7 Be3 43. Ra1 Rh2 44. e5 Ra5 45. Re7 Rf2 46.
Kb4 Kb6 47. f6 Rf5 48. f7 c2 49. e6 Bh6 50. Kb3 c1=Q 51. Rxc1 Bxc1 52. Re8 Bh6
53. Rb8+ Ka7 54. e7 Kxb8 55. e8=Q+ Kb7 1/2-1/2

[Event "Dortmunder SV 1 - Sport Union Annen 1"]
[Site "Verbandsliga - Gruppe 1 2021/"]
[Date "2022.03.06"]
[Round "6"]
[White "Al Ali, Mohammad"]
[Black "Alarand, Beshr"]
[Result "1/2-1/2"]
[WhiteElo "1858"]
[BlackElo "1929"]
[PlyCount "94"]
[EventDate "2022.??.??"]

1. Nf3 Nf6 2. e3 d5 3. c4 e6 4. Nc3 Be7 5. Be2 O-O 6. O-O c5 7. d4 Nc6 8. a3
dxc4 9. Bxc4 cxd4 10. exd4 a6 11. Re1 b5 12. Bd3 Bb7 13. h3 Qd6 14. Be3 Rfd8
15. Rc1 Rac8 16. Bb1 b4 17. Ne4 Nxe4 18. Bxe4 bxa3 19. bxa3 Qxa3 20. Rb1 Rd7
21. Rb3 Qd6 22. Qb1 Nb4 23. Bxh7+ Kf8 24. Ne5 Rdc7 25. Nxf7 Qd5 26. Qg6 Qxg2+
27. Qxg2 Bxg2 28. Ne5 Bd5 29. Ng6+ Ke8 30. Nxe7 Bxb3 31. Nxc8 Rxc8 32. Rb1 Bc2
33. Rxb4 Bxh7 34. Rb6 Kf7 35. Rxa6 Be4 {(=)} 36. Ra7+ Kg6 37. Bf4 Rf8 38. Be5
Rf7 39. Rxf7 Kxf7 40. Kh2 g5 41. Kg3 Kg6 42. f4 Bf5 43. fxg5 Kxg5 44. h4+ Kh5
45. Bf6 Bg4 46. Kf4 Bh3 47. Ke5 Bg4 1/2-1/2

[Event "Dortmunder SV 1 - Sport Union Annen 1"]
[Site "Verbandsliga - Gruppe 1 2021/"]
[Date "2022.03.06"]
[Round "6"]
[White "Wolff, Torsten"]
[Black "Dahlbeck, Mirko"]
[Result "1/2-1/2"]
[WhiteElo "1863"]
[BlackElo "1899"]
[PlyCount "33"]
[EventDate "2022.??.??"]

1. d4 d5 2. c4 c6 3. cxd5 cxd5 4. Nc3 Nf6 5. Bf4 Nc6 6. e3 a6 7. Bd3 Bg4 8.
Nge2 e6 9. h3 Bh5 10. Rc1 Bd6 11. Qd2 Rc8 12. O-O Bg6 13. Rfd1 Bxd3 14. Qxd3
O-O 15. Na4 Bxf4 16. Nxf4 b5 17. Nc5 {(=)} 1/2-1/2

[Event "Dortmunder SV 1 - Sport Union Annen 1"]
[Site "Verbandsliga - Gruppe 1 2021/"]
[Date "2022.03.06"]
[Round "6"]
[White "Dämmrich, Lars"]
[Black "Köhler, Eckart"]
[Result "1/2-1/2"]
[WhiteElo "1934"]
[BlackElo "1878"]
[PlyCount "57"]
[EventDate "2022.??.??"]

1. e4 d5 2. exd5 Qxd5 3. Nc3 Qd8 4. Nf3 Nf6 5. Bc4 e6 6. O-O c5 7. Re1 Be7 8.
b3 O-O 9. Bb2 Nc6 10. Ne2 Na5 11. Bd3 Nd5 12. Ng3 Bf6 13. Bxf6 Nxf6 14. Ne5 Bd7
15. Nh5 Be8 16. Re3 g6 17. Nxf6+ Qxf6 18. Ng4 Qg7 19. Rb1 Nc6 {(=)} 20. Be4 Rd8
21. Bxc6 Bxc6 22. Ne5 Rd6 23. Nxc6 Rxc6 24. Rd3 Rfc8 25. Qf3 R6c7 26. h3 b6 27.
a4 c4 28. Rc3 Qe5 29. Qe3 1/2-1/2

[Event "Dortmunder SV 1 - Sport Union Annen 1"]
[Site "Verbandsliga - Gruppe 1 2021/"]
[Date "2022.03.06"]
[Round "6"]
[White "Kumler, Steffen"]
[Black "Leckebusch, Hans Peter"]
[Result "1-0"]
[WhiteElo "1703"]
[BlackElo "1721"]
[PlyCount "51"]
[EventDate "2022.??.??"]

1. Nf3 d5 2. e4 e6 3. exd5 exd5 4. d4 c6 5. Bd3 Bd6 6. O-O Ne7 7. Re1 O-O 8.
Bg5 f6 9. Bh4 Nf5 10. Nbd2 Qc7 11. Nf1 Qf7 12. c3 Re8 13. Qc2 g6 14. Rxe8+ Qxe8
15. Bxf6 Nd7 16. Re1 Qf8 17. Be5 Nxe5 18. Nxe5 Qf6 19. Ng3 Ne7 20. Qe2 Kg7 {(=)
} 21. Qe3 Be6 22. Nxg6 hxg6 23. Qxe6 Qf4 24. Bxg6 Rf8 25. Nh5+ Kh6 26. Nxf4 1-0

[Event "Dortmunder SV 1 - Sport Union Annen 1"]
[Site "Verbandsliga - Gruppe 1 2021/"]
[Date "2022.03.06"]
[Round "6"]
[White "Heile, Dennis"]
[Black "Meinike, Thorsten"]
[Result "1/2-1/2"]
[WhiteElo "1604"]
[BlackElo "1770"]
[PlyCount "51"]
[EventDate "2022.??.??"]

1. Nf3 Nf6 2. d3 d5 3. Nbd2 Bg4 4. e4 dxe4 5. dxe4 e6 6. h3 Bh5 7. c3 Nbd7 8.
Qc2 Be7 9. Be2 O-O 10. O-O c5 11. Nc4 Qc7 12. g3 e5 13. Bg5 Bg6 14. Bxf6 Bxf6
15. Ne3 Nb6 16. Rad1 Rad8 17. Ng4 Qe7 18. Nxf6+ Qxf6 19. Nh4 Qe6 20. Bg4 Qc6
21. Bf5 Rfe8 22. b3 Qf6 23. Bxg6 hxg6 24. Kg2 Rxd1 25. Rxd1 Rd8 26. Nf3 1/2-1/2

[Event "Dortmunder SV 1 - Sport Union Annen 1"]
[Site "Verbandsliga - Gruppe 1 2021/"]
[Date "2022.03.06"]
[Round "6"]
[White "Lanwehr, Klaus"]
[Black "Santorius, Horst"]
[Result "1-0"]
[WhiteElo "1748"]
[BlackElo "1655"]
[PlyCount "97"]
[EventDate "2022.??.??"]

1. d4 Nf6 2. c4 d5 3. Nc3 e6 4. Bg5 Be7 5. e3 b6 6. cxd5 Nxd5 7. Bxe7 Nxe7 8.
Bb5+ Bd7 9. Qf3 c6 10. Nge2 Nd5 11. Ba4 Na6 12. O-O Rc8 13. Rac1 O-O 14. a3 Qf6
15. Nxd5 exd5 16. Qxf6 gxf6 17. Nf4 b5 18. Bb3 Nc7 19. Rc3 Kg7 20. Bc2 f5 21.
Nd3 Ne6 22. Ne5 Be8 23. Bxf5 Kf6 24. Bxh7 Nd8 25. b4 Ke6 26. g4 Rc7 27. h4 f6
28. Bf5+ Kd6 29. Nd3 Rh8 30. h5 Bxh5 31. gxh5 Rxh5 32. Bg4 Rg7 33. f3 f5 34.
Nf4 Rh8 35. Kf2 fxg4 36. Rg1 Rh2+ {(=)} 37. Rg2 g3+ 38. Kg1 Nf7 39. e4 Rgh7 40.
Rxg3 Rh1+ 41. Kf2 R7h2+ 42. Rg2 Rxg2+ 43. Kxg2 Rd1 44. e5+ Kc7 45. Nxd5+ Kd7
46. Nf4 Ng5 47. Rd3 Rxd3 48. Nxd3 Ne6 49. Nc5+ 1-0

[Event "SV Bönen 1 - SV Erkenschwick 2"]
[Site "Verbandsliga - Gruppe 1 2021/"]
[Date "2022.03.06"]
[Round "6.2"]
[White "Merz, Martin"]
[Black "Henn, Marcus"]
[Result "0-1"]
[WhiteElo "1968"]
[BlackElo "1999"]
[PlyCount "82"]
[EventDate "2022.??.??"]
[WhiteTeam "SV Bönen 1"]
[BlackTeam "SV Erkenschwick 2"]

1. d4 Nf6 2. Bf4 e6 3. e3 c5 4. c3 cxd4 5. exd4 Be7 6. Bd3 b6 7. Qf3 Nc6 8. Nd2
Bb7 9. Ne2 Nb4 10. Qxb7 Nxd3+ 11. Kf1 Nd5 12. Bg3 Qc8 13. Qxc8+ Rxc8 14. Rb1 f5
15. f3 Bg5 16. f4 N3xf4 17. Nxf4 Bxf4 18. Bxf4 Nxf4 19. g3 Nd5 20. Kf2 b5 21.
Rbc1 d6 22. Rhe1 Kd7 23. Nf3 Rhe8 24. Re2 Nf6 25. Nd2 g5 26. Rce1 g4 27. Kg2
Re7 28. Nf1 Ne4 29. d5 Rce8 30. Ne3 Nf6 31. Kf1 Nxd5 32. Nxd5 exd5 33. Rxe7+
Rxe7 34. Rd1 Kc6 35. Kf2 Re4 36. h3 h5 37. hxg4 fxg4 38. Rh1 Re5 39. Rd1 Kc5
40. b3 a5 41. a3 Rf5+ 0-1

[Event "SV Bönen 1 - SV Erkenschwick 2"]
[Site "Verbandsliga - Gruppe 1 2021/"]
[Date "2022.03.06"]
[Round "6.3"]
[White "Trzaska, Peter"]
[Black "Fuest, Torsten"]
[Result "1-0"]
[WhiteElo "2038"]
[BlackElo "1916"]
[PlyCount "65"]
[EventDate "2022.??.??"]
[WhiteTeam "SV Erkenschwick 2"]
[BlackTeam "SV Bönen 1"]

1. e4 c5 2. c3 g6 3. d4 cxd4 4. cxd4 d5 5. exd5 Nf6 6. Bb5+ Nbd7 7. Nc3 Bg7 8.
Nf3 O-O 9. Bxd7 Qxd7 10. Qb3 b6 11. O-O Bb7 12. Ne5 Qd8 13. Nc6 Qd7 14. Bg5
Bxc6 15. dxc6 Qxc6 16. Rfe1 e6 17. Bxf6 Bxf6 18. d5 exd5 19. Nxd5 Rad8 20. Rad1
Rfe8 21. Rxe8+ Rxe8 22. Qf3 Kg7 23. b3 Re5 24. g4 h5 25. h3 Qe6 26. Nf4 Qe7 27.
gxh5 Rg5+ 28. Kh1 Be5 29. hxg6 fxg6 30. Nd5 Qe6 31. Ne3 Bg3 32. Ng4 Bh4 33.
Qb7+ 1-0

[Event "SV Bönen 1 - SV Erkenschwick 2"]
[Site "Verbandsliga - Gruppe 1 2021/"]
[Date "2022.03.06"]
[Round "6.4"]
[White "Mönkemeyer, Maik"]
[Black "Schulze Bisping, Franz-Adolf"]
[Result "1/2-1/2"]
[WhiteElo "1852"]
[BlackElo "1938"]
[PlyCount "40"]
[EventDate "2022.??.??"]
[WhiteTeam "SV Bönen 1"]
[BlackTeam "SV Erkenschwick 2"]

1. d4 Nf6 2. Bg5 d5 3. Bxf6 gxf6 4. e3 c5 5. c3 e5 6. Nf3 Nc6 7. dxe5 fxe5 8.
Bb5 f6 9. Nxe5 fxe5 10. Qh5+ Kd7 11. Qxe5 Bd6 12. Qxd5 Kc7 13. Na3 Ne7 14. Qh5
Qg8 15. Be2 Bd7 16. O-O-O Qg6 17. Nc4 Qxh5 18. Bxh5 Nc8 19. Nxd6 Nxd6 20. Bf3
Bc6 1/2-1/2